Hàng Mã kí ức : Tiểu thuyết
Gardado en:
| Autor Principal: | |
|---|---|
| Formato: | Libro |
| Idioma: | Undetermined |
| Publicado: |
Hà Nội
Văn học
2011
|
| Những chủ đề: | |
| Các nhãn: |
Engadir etiqueta
Sen Etiquetas, Sexa o primeiro en etiquetar este rexistro!
|
| Thư viện lưu trữ: | Trung tâm Học liệu Trường Đại học Cần Thơ |
|---|
| LEADER | 00548nam a2200205Ia 4500 | ||
|---|---|---|---|
| 001 | CTU_211102 | ||
| 008 | 210402s9999 xx 000 0 und d | ||
| 020 | |c 88000 | ||
| 082 | |a 895.93 | ||
| 082 | |b I.35 | ||
| 100 | |a Inrasara | ||
| 245 | 0 | |a Hàng Mã kí ức : | |
| 245 | 0 | |b Tiểu thuyết | |
| 245 | 0 | |c Inrasara | |
| 260 | |a Hà Nội | ||
| 260 | |b Văn học | ||
| 260 | |c 2011 | ||
| 650 | |a Văn học Chăm,Cham literature | ||
| 904 | |i Lê Thị Giàu,Hải | ||
| 980 | |a Trung tâm Học liệu Trường Đại học Cần Thơ | ||